Statistics for Least Densely Populated Countries on Each Continent

Click here to take the quiz!

General Stats

  • This quiz has been taken 33 times
  • The average score is 30 of 36

Answer Stats

HintPop. DensityAnswer% Correct
Oceania3.341/km²Australia
100%
North America4.126/km²Canada
100%
Asia2.118/km²Mongolia
97%
Oceania19.29/km²New Zealand
97%
North America36.43/km²United States of America
97%
South America15.02/km²Paraguay
93%
Asia8.474/km²Russia
93%
Europe8.474/km²Russia
93%
South America16.51/km²Argentina
90%
South America10.59/km²Bolivia
90%
South America3.474/km²Guyana
90%
Asia7.254/km²Kazakhstan
90%
North America56.66/km²Panama
90%
South America3.306/km²Suriname
90%
South America20.17/km²Uruguay
90%
Europe18.31/km²Finland
87%
Asia14.97/km²Saudi Arabia
87%
Europe25.91/km²Sweden
87%
North America56.07/km²Nicaragua
83%
Europe18.24/km²Norway
83%
Oceania15.72/km²Papua New Guinea
83%
Oceania23.71/km²Solomon Islands
83%
Oceania24.61/km²Vanuatu
83%
North America18.73/km²Belize
80%
Africa4.135/km²Libya
80%
Europe3.733/km²Iceland
77%
Africa3.662/km²Namibia
77%
Asia14.37/km²Turkmenistan
77%
Africa4.242/km²Mauritania
73%
Asia14.45/km²Oman
73%
North America28.65/km²Bahamas
70%
Oceania36.09/km²Palau
70%
Africa4.056/km²Botswana
67%
Africa9.786/km²Central African Republic
67%
Europe30.64/km²Estonia
60%
Africa8.132/km²Gabon
57%

Score Distribution

Percentile by Number Answered

Percent of People with Each Score

Your Score History

You have not taken this quiz